000 01434nam a2200373 c 4500
003 BLK
005 20240817110614.0
008 180409b bul|||||r ||||||| ||bul||
010 _aKNG00139074000
020 _a978-954-409-323-5
_bиздат.: Плеяда
040 _aBLK
041 _aBUL
_cBUL
072 7 _2bullib
_aН8300
_xРомантична проза Н
080 _aАмериканска литература (на САЩ)
_b821.111(73)
_x-31
_z821.111(73)-31
100 1 _aТейлър, Джанел
_eпърви автор
_9242187
700 1 _aРашкова, Нина
_eпрев. от англ.
_9292238
139 _aТейлър, Джанел
_bТ 45
245 1 0 _aЗащото те има
_bРоман
_cДжанел Тейлър; прев. от англ. Нина Рашкова.
257 _aUSA
260 София
_bПлеяда
_c2012
300 _a256 с.
_c20 см
380 _aX
490 1 _aПоредица Пеперуда : Съвременна романтична проза
500 _aОриг. загл. Shadowing Ivy / Janelle Taylor.
653 _aромантична проза
653 _aромани
659 _aН
852 _aЦб 258192
856 4 _qpdf
_u
856 4 _qpdf
_u
942 _cKNG
_n0
_043
944 _aCR
_c06.02.2013
_lДиана Гривева
_k30529
944 _aED
_c26.06.2017
_lф /
_kЛюдмила_Стоянова
999 _c133184
_d133184